LEADER 01260cam0-22004211i-450- 001 990004044220403321 005 20121018091553.0 010 $a88-220-6039-3 035 $a000404422 035 $aFED01000404422 035 $a(Aleph)000404422FED01 035 $a000404422 100 $a20120504d1984----km-y0itay50------ba 101 0 $aita 102 $aIT 105 $ay-------001yy 200 1 $aCampagne e territorio nel Mezzogiorno fra settecento e ottocento$fAngelo Massafra 210 $aBari$cDedalo$d1984 215 $a324 p.$d21 cm 225 1 $aNuova biblioteca Dedalo$iMezzogiorno società cultura$v39 610 0 $aEconomia rurale$aItalia meridionale$aStoria 676 $a338.109 457$v21$zita 700 1$aMassafra,$bAngelo$037156 801 0$aIT$bUNINA$gRICA$2UNIMARC 901 $aBK 912 $a990004044220403321 952 $a338.1 MAS 2$bBibl. 1447$fFLFBC 952 $aCOLLEZ. 878 (39)$b25669$fFSPBC 952 $aE/4 MAS$b897$fSES 952 $a040.014.MAS$b3018$fDECGE 952 $aSE 090.07.15-$b4823$fDECSE 959 $aFLFBC 959 $aFSPBC 959 $aSES 959 $aDECGE 959 $aDECSE 996 $aCampagne e territorio nel Mezzogiorno fra Settecento e Ottocento$9201595 997 $aUNINA LEADER 00954nam--2200349---450- 001 990003096760203316 005 20110808092310.0 035 $a000309676 035 $aUSA01000309676 035 $a(ALEPH)000309676USA01 035 $a000309676 100 $a20080416d1948----km-y0itay50------ba 101 $afre 102 $aFR 105 $a||||||||001yy 200 1 $a<> medecins ne sont pas des plombiers$eactualité$fJacques Audiberti 210 $aParis$cGallimard$d1948 215 $a197 p.$d19 cm 410 0$12001 454 1$12001 461 1$1001-------$12001 676 $a848.914 700 1$aAUDIBERTI,$bJacques$0469293 801 0$aIT$bsalbc$gISBD 912 $a990003096760203316 951 $aII.4.A.189$b3179 DSLL 959 $aBK 969 $aDSLL 979 $aDSLL$b90$c20080416$lUSA01$h1736 979 $aDSLL$b90$c20110808$lUSA01$h0923 996 $aMedecins ne sont pas des plombiers$91019199 997 $aUNISA